| 000 | 01203cam a2200361 a 4500 | ||
|---|---|---|---|
| 001 | 4152 | ||
| 003 | FISKH | ||
| 005 | 20240614094335.0 | ||
| 008 | 060711s2006 maua a 000 1 eng | ||
| 010 | _a 2006279195 | ||
| 020 | _a9780395174449 (pbk) | ||
| 020 | _a0395174449 (pbk) | ||
| 020 | _a9780618689460 (CD) | ||
| 020 | _a061868946X (CD) | ||
| 040 |
_aDLC _cDLC _dDLC _beng |
||
| 042 | _alcac | ||
| 050 | _aPZ7.R33 | ||
| 082 | _a813.52 | ||
| 100 | 1 |
_aRey, H. A. _q(Hans Augusto), _d1898-1977. |
|
| 245 | 1 | 0 |
_aCurious George rides a bike / _cH.A. Rey. |
| 260 |
_aNew York : _bHoughton Mifflin, _c1952 |
||
| 300 |
_a46 pages : _bcolor illustrations ; _c26 cm |
||
| 490 | 0 | _aSandpiper paperback editions | |
| 500 | _a"Read-along fun with Curious George"--Container. | ||
| 505 | _aQ | ||
| 520 | _aGeorge the monkey goes riding on his new bicycle and runs into unexpected adventure. Accompanying CD has music and sound effects, with page turn signals on one track and without on another. | ||
| 521 |
_a660
_bLexile AD |
||
| 521 |
_aQ
_bRaz-Plus |
||
| 650 | 1 |
_aMonkeys _vFiction. |
|
| 906 |
_a7 _bcbc _corigcop _d2 _encip _f20 _gy-gencatlg |
||
| 942 |
_2ddc _cBK _n0 |
||
| 999 |
_c4152 _d4152 |
||